Statistics for Complete the film title (Matt Damon)

Click here to take the quiz!

General Stats

  • This quiz has been taken 42 times
  • The average score is 10 of 15

Answer Stats

Film Title% Correct
Saving Private {Ryan}
100%
Good Will {Hunting}
97%
Ocean's {Eleven}
94%
Jason {Bourne}
88%
The Bourne {Identity}
88%
Stuck on {You}
78%
The Talented Mr. {Ripley}
78%
We Bought a {Zoo}
75%
Chasing {Amy}
59%
The Adjustment {Bureau}
59%
The Brothers {Grimm}
59%
Jay and Silent Bob Strike {Back}
50%
The Legend of Bagger {Vance}
47%
The Great {Wall}
38%
Green {Zone}
9%

Score Distribution

Percentile by Number Answered

Percent of People with Each Score

Your Score History

You have not taken this quiz